000 00615nam a2200229Ia 4500
003 OSt
005 20220918192423.0
006 a|||||r|||| 00| 0
007 ta
008 220917b |||||||| |||| 00| 0 eng d
024 _a68,262
037 _cTextual
040 _aARTS
_cARTS
_beng
041 _2eng
_aeng
082 _aO:2J64:9, K13
100 _aCharney Maurice
_914147
245 0 _aShakespeare's Roman plays
_b The function of imagery in the drama
260 _c1963
650 _aENGLISH LITERATURE
942 _hO:2J64:9, K13
_cTEXL
_2CC
999 _c194440
_d194440